| 000 -LEADER |
| fixed length control field |
00597pam a2200169 a 4500 |
| 020 ## - INTERNATIONAL STANDARD BOOK NUMBER |
| ISBN |
0444989196 : |
| 040 ## - CATALOGING SOURCE |
| Transcribing agency |
DLC |
| 082 00 - DEWEY DECIMAL CLASSIFICATION NUMBER |
| Classification number |
584 JAP 1988 A063 Or. |
| 100 1# - MAIN ENTRY--AUTHOR NAME |
| Personal name |
Oka, H. I. |
| 245 10 - TITLE STATEMENT |
| Title |
Origin of cultivated rice / |
| 260 ## - PUBLICATION, DISTRIBUTION, ETC. (IMPRINT) |
| Place of publication |
Tokyo : |
| Name of publisher |
Japan Scientific Societies Press ; |
| Place of publication |
Amsterdam [Netherlands] ; |
| -- |
New York : |
| Name of publisher |
Elsevier ; |
| Place of publication |
New York, N.Y. : |
| Name of publisher |
Exclusive sales rights for the U.S.A. and Canada, Elsevier Science Pub. Co., |
| Year of publication |
c1988. |
| 300 ## - PHYSICAL DESCRIPTION |
| Number of Pages |
xv, 254 p., [2] p. of plates : |
| Other physical details |
ill. (some col.) ; |
| Dimensions |
24 cm. |
| 500 ## - GENERAL NOTE |
| General note |
Includes index. |
| 650 #0 - SUBJECT ADDED ENTRY--TOPICAL TERM |
| Topical Term |
Rice |
| 650 #0 - SUBJECT ADDED ENTRY--TOPICAL TERM |
| Topical Term |
Rice. |
| 942 ## - ADDED ENTRY ELEMENTS (KOHA) |
| Koha item type |
សៀវភៅភាសាអង់គ្លេស |
| 952 ## - LOCATION AND ITEM INFORMATION (KOHA) |
| Withdrawn status [LOCAL, KOHA] |
0 |